01137nam a2200265Ia 4500952011600000999001700116005001700133008004100150020001500191082002000206100003800226245005800264250001800322260003500340300002500375336001000400337001400410338001200424504004100436505022500477519009900702650002600801650003000827942001400857 00102ddc4070a01b01d2007-01-25l5m1o343.0472 S211dp01 010639r2020-01-31s2020-01-31t1w2012-06-24yLB c60143d6014320231102150655.0120622s2004 mx r 000 0 spa d a9700752879 a343.0472bS211d1 aSánchez Gómez, Narcisoeautor10aDerecho fiscal mexicanoc / Narciso Sánchez Gómez a4a. edición3 aMéxicob : Porrúac , 2004 axxiii, 613 páginas atexto asin medio avolumen aIncluye: bibliografía (pp.603-605) aLa Actividad Financiera del Estado y el Derecho Fiscal La Protestad Tributaria del estado Ingresos Públicos La Obligación Tributaria El Procedimiento Administrativo Tributario y las Defensas Legales del Contribuyente aPlan Flexible / bMaestría en Derecho Fiscal / cImpuestos Estatales (P05-2) / d(01 010723)10aDERECHO FISCAL 9140024aIMPUESTOSzMÉXICO91401 2lcccHMAN